| LEADER | 00713cam a2200205 7i4500 | ||
|---|---|---|---|
| 001 | 0000093085 | ||
| 005 | 20140415090000.0 | ||
| 008 | 110803s1996 enk eng | ||
| 020 | # | 0 | |a 0198503229 |
| 020 | # | 0 | |a 9780198503224 |
| 090 | 0 | 0 | |a QL 737 .C5 |b A4 1996 |
| 100 | 1 | # | |a Altringham, John D. |
| 245 | 1 | 0 | |a Bats : |b biology and behaviour |c John D. Altringham ; drawings by Tom McOwat and Lucy Hammond. |
| 260 | # | # | |a Oxford: |b Oxford University Press, |c 1996. |
| 300 | # | # | |a ix, 262 p.: |b ill.maps; |c 25 cm.. |
| 504 | 0 | 0 | |a Includes bibliographical references and index |
| 590 | # | # | |a Pusat Pengajian Sains Asas |
| 650 | 0 | 0 | |a Bats -- |x Behavior |
| 650 | 0 | 0 | |a Bats |
| 999 | |a 1100081632 |b Book |c Open Shelf |e KOLEKSI TERBUKA | ||


